000 00608nam a22002057a 4500
005 20251108170452.0
008 250721s1997 xx 000 0 ara d
082 1 4 _a641.8/حسن
100 1 _aحسن، محمد خميس
245 1 0 _aأشهى أطباق المأكولات و المعجنات و الأسماك /
264 1 _aعمان :
_bدار الأسراء،
_c1997.
300 _a128ص
490 0 _aطبق اليوم
650 1 7 _aالطبخ
650 1 7 _aعمليات الطبخ
650 1 7 _aالحلويات
650 1 7 _aالأسماك (غذاء)
942 _2ddc
_cBK
999 _c41231
_d41231